| 000 | 00906nam a22002537a 4500 | ||
|---|---|---|---|
| 003 | DO-SdBNP | ||
| 005 | 20220824135613.0 | ||
| 007 | ta | ||
| 008 | 220822b2022 |||||||d |||| 001 0dspa d | ||
| 020 | _a9789945808902 | ||
| 040 |
_aDO-SdBNP _bspa _cBNPHU |
||
| 041 |
_deng _hspa |
||
| 082 | 4 |
_a248.5 _bS232f _222 |
|
| 100 | 1 |
_aSantana, Julio César _d1986 - _982217 |
|
| 245 | 1 | 0 |
_aFrom the Night Club to the Altar : _bback to the original design / _cJulio César Santana ; Prólogo, Juan Carlos Harrigan; Traducción, Ramón Constanza. |
| 260 |
_aSanto Domingo : _bCentenario, _c2022 |
||
| 300 |
_a109 p. : _bil.; _c21 cm |
||
| 500 | _aIncluye datos biográficos del autor en la contracubierta. | ||
| 590 | _aInventariado, 2022/ SA | ||
| 650 | 4 |
_aReligión _xTestimonio de fe _982219 |
|
| 700 | 1 |
_aHarrigan, Juan Carlos _epról. _982242 |
|
| 700 | 1 |
_aConstanza, Ramón _982218 _etrad. |
|
| 942 |
_2ddc _cLBS1 |
||
| 999 |
_c52296 _d52296 |
||